| 000 | 00318nam a2200097Ia 4500 | ||
|---|---|---|---|
| 082 | _a343.6807869 FINS | ||
| 245 | 0 | _aThe building contract : a commentary on the JBCC agreements | |
| 100 |
_a FINSEN, Eyvind Kenwyn [South Africa], 1999 1st ed _963107 |
||
| 942 | _cBK | ||
| 008 | 210817s9999 xx 000 0 und d | ||
| 999 |
_c199681 _d199681 |
||